| 000 | 01016nam a2200301 a 4500 | ||
|---|---|---|---|
| 001 | 000109894 | ||
| 003 | CHAP | ||
| 005 | 20220329144108.0 | ||
| 008 | 140605s2013 mx |rm |0|||||spa d | ||
| 010 | _a106356 | ||
| 011 | _a107328 | ||
| 040 | _cCHAP | ||
| 090 | _aTesis | ||
| 100 | 1 |
_aDíaz Sonora, Griselda _9127240 |
|
| 245 | 1 | 0 |
_aRendimiento de tres genotipos de chile criollo Apaxtleco, en respuesta a la aplicación de biozyme Tf / _cpor Griselda Díaz Sonora. |
| 260 |
_aCocula, Gro : _bEl autor, _c2013. |
||
| 300 | _axv, 71 h. | ||
| 502 | _aTesis (Ing. Agr. Esp. en Fitotecnista) -- CSAEGRO | ||
| 590 |
_aE5765TAJ _b05 _c20140605 _lUCH01 _h1320 |
||
| 650 | 1 | 4 |
_aChile (Botánica) _xCrecimiento. _922350 |
| 650 | 1 | 4 |
_aChile (Botánica) _xGenética. _922361 |
| 650 | 1 | 4 |
_aChile (Botánica) _xRendimiento. _922388 |
| 650 | 1 | 4 |
_aFertilizantes _xEfecto en chile. _940493 |
| 650 | 1 | 4 |
_aPlantas, efecto de los productos químicos agricolas en las. _9126423 |
| 901 | _aBK | ||
| 942 | _cTESIS | ||
| 942 | _n0 | ||
| 999 |
_c106356 _d106356 |
||